000 00644cam a2200217ua 4500
005 20210927130836.0
008 191003n ii |||gr||||Z||||||asm
020 _a9788192955476
040 _cMAIN
_aIN-DiNC
041 _dasm
082 _a891.4513
_bBAR
100 _aDhiren Baro,
_eauthor
245 _aJanajatiya patabhumit rachita Asamiya upanyas/
_cBy Dhiren Baro
250 _a1st ed.
260 _aGuwahati:
_bPurbayon publication,
_c2016.
300 _a151p.
650 _aArticles on Assamese novel
653 _aCriticism on Assamese novel
653 _aStudies on Assamese novel based on tribal communities
942 _cBK
_2ddc
999 _c10365
_d10365